000 00533cam a22001097a 4500
008 180718b xxu||||| |||| 00| 0 eng d
082 _aR065x54 In2as/1966/5
245 _aLabour statistics under the annual survey of industries
_cby Labour Bureau, Ministry Of Labour
260 _aChandigarh
_bGovernment Of India
_c
500 _aV.5 : Detailed State-wise Report On Rubber, Chemicals And Non- Metallic Mineral Products Industries. Contents: Library has : 1964, 1966,1971,1973-74,1977-78
700 _aPunjab. Ministry Of Labour. Labour Bureau
999 _c496136
_d496136